MARC

LEADER 00000nas a2200000 a 4500
001 ssj0009885
003 WaSeSS
005 20200512172242.0
006 m d
007 cr n
008 980127c19939999ne fr pss 0 a0eng c
010 |a  2013236818 
022 |a 1573-8809  |y 0927-7544 
035 |a (WaSeSS)ssj0009885 
037 |b Kluwer Academic Publishers, Spuiboulevard 50, P.O. Box 17, 3300 AA Dordrecht, The Netherlands 
037 |a 22573/ctsdq00q  |b JSTOR 
040 |a F#A  |b eng  |c F#A  |d OCL  |d OCLCQ  |d MUQ  |d OCLCQ  |d OCL  |d SYB  |d OCLCQ  |d NOC  |d OCLCF  |d OCLCO  |d OCLCQ  |d TEF  |d VT2  |d WaSeSS 
042 |a pcc 
050 1 4 |a HD1361  |b .J68 
082 0 4 |a 333.33 
130 0 |a Journal of real estate literature (Online) 
245 1 0 |a Journal of real estate literature  |h [electronic resource]. 
260 |a [Dordrecht] :  |b Kluwer Academic Publishers 
310 |a Semiannual 
362 1 |a Print began with vol. 1, no. 1 (Jan. 1993). 
506 |a License restrictions may limit access. 
538 |a Mode of access: World Wide Web. 
550 |a Published for the American Real Estate Society. 
588 |a Description based on: Vol. 4, no. 2 (1996); title from journal information screen (viewed Feb. 23, 1998). 
588 |a Latest issue consulted: Vol. 20, no. 2 (2012) (viewed Feb. 6, 2013). 
650 0 |a Real estate business  |v Periodicals. 
650 0 |a Real estate business  |v Bibliography  |v Periodicals. 
650 6 |a Immobilier  |v Périodiques. 
650 6 |a Immobilier  |v Bibliographie  |v Périodiques. 
650 7 |a Real estate business.  |2 fast  |0 (OCoLC)fst01090898 
655 0 |a Electronic journals. 
710 2 |a American Real Estate Society. 
776 0 8 |i Print version:  |t Journal of real estate literature  |x 0927-7544  |w (DLC) 95660664  |w (OCoLC)27950621 
856 4 0 |z Full text available from Research Library: 01/01/1997 to present  |u https://search.proquest.com/publication/32327